Implemenácia dokumentov Basel III z hľadiska zvýšenia kvality a kvantity kapitálu banky
Základné východiská Basel III a príčiny revízie dokumentov Basel II. Kľúčové priority Bazilej III. Hlavné opatrenia zamerané na zníženie procyklických účinkov finančného regulovania. Proces implementácie pravidiel Basel III.
Saved in:
| Main Author: | |
|---|---|
| Format: | Book Chapter |
| Language: | Slovak |
| Subjects: | |
| Tags: |
No Tags, Be the first to tag this record!
|
MARC
| LEADER | 00000nla a2200000 4500 | ||
|---|---|---|---|
| 001 | 0169879 | ||
| 005 | 20240502072937.8 | ||
| 041 | 0 | |a slo | |
| 044 | |a SK | ||
| 245 | 1 | 0 | |a Implemenácia dokumentov Basel III z hľadiska zvýšenia kvality a kvantity kapitálu banky |c Eva Horvátová |
| 520 | |a Základné východiská Basel III a príčiny revízie dokumentov Basel II. Kľúčové priority Bazilej III. Hlavné opatrenia zamerané na zníženie procyklických účinkov finančného regulovania. Proces implementácie pravidiel Basel III. | ||
| 610 | 2 | 0 | |a bankovníctvo |
| 610 | 2 | 0 | |a organizácie finančné |
| 610 | 2 | 0 | |a riziko finančné |
| 610 | 2 | 0 | |a kapitál bankový |
| 610 | 2 | 0 | |a riziko bankové |
| 610 | 2 | 0 | |a kríza finančná |
| 610 | 2 | 0 | |a úver |
| 610 | 2 | 0 | |a podnikanie obozretné |
| 100 | 1 | |a Horvátová, Eva, 1958- | |